000 00845nam a2200229 i 4500
001 46468
003 ES-MaACL
005 20230906161404.0
007 t|
008 030331s1959 sp ||||1| spa d
100 1 _aConfucio.
_940169
245 1 0 _aTratados morales y políticos
_b: según los textos de Confucio y de sus discípulos Tseng-Chen, Tchu-Hi y otros /
_cConfucio ; versión establecida por J. Núñez de Prado ; con unas notas prologales de Emiliano M. Aguilera.
260 _aBarcelona :
_bIberia,
_c1959 (
_fGráficas Diamante)
300 _aXII, 167 p. ;
_c19 cm.
490 1 _aObras Maestras
650 0 4 _aConfucianismo.
_911279
700 1 _aAguilera, Emiliano M.
_918758
700 0 _aNúñez de Prado, Javier.
_986191
830 0 _aObras Maestras
_9181001
852 _aES-MaACL
_jC-16318
_bR.44518
999 _c46468
_d46468